Schaum's outline of theory and problems of elementary statics and strength of materials

Αποθηκεύτηκε σε:
Λεπτομέρειες βιβλιογραφικής εγγραφής
Κύριος συγγραφέας: Jackson, John H.
Άλλοι συγγραφείς: Wirtz, Harold G.
Μορφή: Βιβλίο
Γλώσσα:English
Δημοσίευση: New York : McGraw-Hill, c1983
Σειρά:Schaum's outline series
Θέματα:
Ετικέτες: Προσθήκη ετικέτας
Δεν υπάρχουν, Καταχωρήστε ετικέτα πρώτοι!

MARC

LEADER 00000nam a2200000 i 4500
001 1/70763
008 050202s1983 eng d
020 |a 0-07-032121-3 
035 |l 10076327 
040 |a GR-MY-UA  |b gre  |e aacr 
041 0 |a eng 
082 0 |a 620.112  |2 (21) 
100 1 |a Jackson, John H. 
245 1 0 |a Schaum's outline of theory and problems of elementary statics and strength of materials /  |c John H. Jackson and Harold G. Wirtz 
246 3 3 |a Theory and problems of elementary statics and strength of materials 
260 |a New York :   |b McGraw-Hill,   |c c1983 
300 |a 376 σ.;  |b εικ.;  |c 28 εκ. 
490 1 |a Schaum's outline series 
504 |a Περιλαμβάνει ευρετήριο 
650 0 0 |a Statics. 
650 0 0 |a Strength of materials. 
700 1 |a Wirtz, Harold G. 
830 0 |a Schaum's outline series 
852 |a INST  |b SYROS  |e 20050202  |h 620.112 JAC  |p 005500004234  |q 005500004234  |t BK  |y 0 
901 |a BIBL5-2005-1 
909 |a Ε  |b 111680 
920 |a ΔΙΕΥΡΥΝΣΗ  |b ΕΠΕΑΕΚ-ΤΜΣΠΣ  |y ΣΥΡΟΣ  |z 2004-10 
970 |a ΚΑΓΙΑΒΑ  |b ΕΙΡΗΝΗ  |z 2005/02/02